000 00370nam a2200145Ia 4500
008 210716s1994 xx 000 0 und d
041 _aeng
082 _a005.1331 HYMM
100 _aHyman, Michael I.
245 _aBorland c++: programming for dummies.
250 _a1
260 _aNew Delhi
_bPustak mahal
_c1994
300 _axxiv,492,8
650 _aC++ Progamming
999 _c183208
_d183208